00558nam a22001697a 450000500170000000800410001702000150005802200150007304100130008808200150010110000270011624501220014325000200026526000470028530000310033265000250036320231124100138.0231124b |||||||| |||| 00| 0 eng d a0702160776 a0702160776 aEnglish  a340.9 FOR  aForsyth, CF lEnglish  aPrivate International Law : bThe Modern Roman-Dutch Law including the Jurisdiction of the High Courts / cCF Forsyth aFourth Edition  aCape Town : bJuta and Company Ltd, c2003 blix, 468 pages ; c25 cm.  aLegal practice bLaw